Technická normalizácia a akosť 51 Zborník

Guardado en:
Detalles Bibliográficos
Formato: Libro
Lenguaje:eslovaco
Publicado: Bratislava Alfa 1987
Edición:1. vyd.
Etiquetas: Agregar Etiqueta
Sin Etiquetas, Sea el primero en etiquetar este registro!

MARC

LEADER 00000nam a2200000 4500
001 c022791
005 20221219095309.6
041 0 |a slo 
044 |a SK 
245 1 0 |a Technická normalizácia a akosť 51  |b Zborník 
250 |a 1. vyd. 
264 1 |a Bratislava  |b Alfa  |c 1987 
300 |a 107 s.